000 01158cam a2200301 i 4500
999 _c17722
_d17722
001 4088804
003 BDDh-ASL
005 20231015025629.0
008 750929s1974 ilua b 001 0 eng
010 _a 73087243
020 _a0226346773 :
_c$20.00 per vol.
040 _aDLC
_cDLC
_dBDDh-ASL
043 _aaw-----
_aff-----
050 0 0 _aDS36.85
_b.H63
082 0 0 _a297
_bHOV
100 1 _aHodgson, Marshall G. S.
245 1 4 _aThe venture of Islam :
_bconscience and history in a world civilization, v-2- the expansion of Islam in the middle periods/
_cMarshall G. S. Hodgson.
260 _aChicago :
_bUniversity of Chicago Press,
_c1974.
300 _avii, 609 p. :
_bill. ;
_c24 cm.
490 _aHis The Venture of Islam ; v. 2.
504 _aIncludes bibliographical references and indexes.
505 0 _av. 1. The classical age of Islam.--v. 2. The expansion of islam in the middle periods.--v. 3. The gunpowder empires and modern times.
650 0 _aIslamic civilization.
651 0 _aIslamic Empire
_xHistory.
651 0 _aMiddle East
_xHistory
_y1517-
906 _a7
_bcbc
_corignew
_d2
_eopcn
_f19
_gy-gencatlg
942 _2ddc
_cBK